| 000 | 00494nam a2200157 4500 | ||
|---|---|---|---|
| 999 |
_c511921 _d511921 |
||
| 008 | 191022b ||||| |||| 00| 0 eng d | ||
| 100 |
_aRoychowdhury, Sambit _912415 |
||
| 245 | _aThe interest around Chandrayaan-2 hides the gloomy future of research in India | ||
| 260 | _bMainstream | ||
| 300 | _a57(41), 28 Sep, 2019: p.30-32. | ||
| 650 |
_aScience Research - India _912416 |
||
| 650 |
_aSpace research - India _912417 |
||
| 773 | _aMainstream | ||
| 906 | _aAstronomy | ||
| 942 |
_2ddc _cAR |
||